One way street and other writing. Tr by Edmund Jep (Record no. 575167)

MARC details
000 -LEADER
fixed length control field 00668nam a2200253Ia 4500
003 - CONTROL NUMBER IDENTIFIER
control field OSt
005 - DATE AND TIME OF LATEST TRANSACTION
control field 20220925221727.0
008 - FIXED-LENGTH DATA ELEMENTS--GENERAL INFORMATION
fixed length control field 220923b |||||||| |||| 00| 0 eng d
020 ## - INTERNATIONAL STANDARD BOOK NUMBER
International Standard Book Number 8609 1 014 8
037 ## - SOURCE OF ACQUISITION
Terms of availability General Book
040 ## - CATALOGING SOURCE
Original cataloging agency RTL
Transcribing agency RTL
Language of cataloging eng
041 ## - LANGUAGE CODE
Source of code eng
Language code of text/sound track or separate title eng
100 ## - MAIN ENTRY--PERSONAL NAME
Personal name Benjamin Walter
245 #0 - TITLE STATEMENT
Title One way street and other writing. Tr by Edmund Jep
260 ## - PUBLICATION, DISTRIBUTION, ETC.
Place of publication, distribution, etc. London
Name of publisher, distributor, etc. N L B
Date of publication, distribution, etc. 1979
300 ## - PHYSICAL DESCRIPTION
Extent 392p
Dimensions cm.
500 ## - GENERAL NOTE
General note Bibliography: P 387-88
650 ## - SUBJECT ADDED ENTRY--TOPICAL TERM
Topical term or geographic name entry element Ethics
942 ## - ADDED ENTRY ELEMENTS (KOHA)
Classification part R5z7, L9
Koha item type General Books
Source of classification or shelving scheme Colon Classification (CC)
Holdings
Withdrawn status Lost status Damaged status Not for loan Home library Current library Date acquired Total Checkouts Full call number Barcode Date last seen Price effective from Koha item type
        Ratan Tata Library Ratan Tata Library 2022-09-25   R5z7 L9 RT0646927 2022-09-25 2022-09-25 General Books
Copyright @ Delhi University Library System